000 00462nab a2200145Ia 4500
003 ES-SlBCS
005 20210601132846.0
008 140529s1955 xxu||||| |||| 00| 0 ita d
041 _aita
100 1 _aSchiavo, Camilla
_9199577
245 0 0 _aLa logica del Rosmini e la Grammar of Assent del Newmann
_c Camilla Schiavo
600 1 4 _aRosmini-Newmann
_9199578
773 0 _tGiornali di Metafisica
_gvol. 10, nº. 4-5, 1955, págs. 677-696
_w0017-0372
942 _cAR
999 _c586774
_d586774